Normal view MARC view
  • Tribal Consulting

Entry Corporate Name

Number of records used in: 3

001 - CONTROL NUMBER

  • control field: 4968

003 - CONTROL NUMBER IDENTIFIER

  • control field: SIRSI

005 - DATE AND TIME OF LATEST TRANSACTION

  • control field: 20190806150239.0

008 - FIXED-LENGTH DATA ELEMENTS

  • fixed length control field: 060629n| aaannaabn |n ana d

040 ## - CATALOGING SOURCE

  • Original cataloging agency: OSt
  • Transcribing agency: OSt

110 2# - HEADING--CORPORATE NAME

  • Corporate name or jurisdiction name as entry element: Tribal Consulting

670 ## - SOURCE DATA FOUND

  • Source citation: The future of regulation of the affordable housing sector in England, 2006